Loss of flow analysis of Maanshan Nuclear Power Plant with RELAP5/SNAP /

Bibliographic Details
Main Author: Shih, Chunkuan (Author)
Format: Government Document eBook
Language:English
Published: Washington, DC : Division of Systems Analysis, Office of Nuclear Regulatory Research, U.S. Nuclear Regulatory Commission, October 2018.
Series:International agreement report ; NUREG/IA-0483.
Subjects:
Online Access:https://purl.fdlp.gov/GPO/gpo128316

MARC

Tag First Indicator Second Indicator Subfields
LEADER 00000cam a2200000Ii 4500
001 in00004097721
005 20200420141810.0
006 m o d f
007 cr mn|||||||||
008 191114e201810 dcua obt f000 0 eng d
035 |a (OCoLC)on1127639953 
040 |a GPO  |b eng  |e rda  |e pn  |c GPO  |d GPO  |d MvI  |d UtOrBLW 
043 |a a-ch--- 
049 |a WWW 
074 |a 1051-H-41 (online) 
086 0 |a Y 3.N 88:53/0483 
088 |a NUREG/IA-0483 
100 1 |a Shih, Chunkuan,  |e author. 
245 1 0 |a Loss of flow analysis of Maanshan Nuclear Power Plant with RELAP5/SNAP /  |c prepared by Chunkuan Shih [and six others]. 
246 3 |a Loss of flow analysis of Maanshan Nuclear Power Plant with RELAP5 Symbolic Nuclear Analysis Program 
264 1 |a Washington, DC :  |b Division of Systems Analysis, Office of Nuclear Regulatory Research, U.S. Nuclear Regulatory Commission,  |c October 2018. 
300 |a 1 online resource (xv, 59 pages) :  |b illustrations (some color). 
336 |a text  |b txt  |2 rdacontent 
337 |a computer  |b c  |2 rdamedia 
338 |a online resource  |b cr  |2 rdacarrier 
490 1 |a International agreement report ; ;  |v NUREG/IA-0483 
500 |a "Prepared as part of the Agreement on Research Participation and Technical Exchange under the Thermal-Hydraulic Code Applications and Maintenance Program (CAMP)." 
500 |a "Manuscript completed: May 2017; date published: October 2018." 
504 |a Includes bibliographical references (page 59). 
513 |a Technical 
588 |a Description based on online resource; title from PDF title page (NRC, viewed Nov. 13, 2019). 
650 0 |a Nuclear power plants  |z Taiwan  |x Computer programs. 
650 0 |a Pressurized water reactors  |x Loss of coolant.  |0 http://id.loc.gov/authorities/subjects/sh85106564 
710 2 |a U.S. Nuclear Regulatory Commission.  |b Division of Systems Analysis,  |e issuing body.  |0 http://id.loc.gov/authorities/names/no2011140110 
776 0 8 |i Print version:  |a Shih, Chunkuan.  |t Loss of flow analysis of Maanshan Nuclear Power Plant with RELAP5/SNAP  |w (OCoLC)1127639966 
830 0 |a International agreement report ;  |v NUREG/IA-0483.  |0 http://id.loc.gov/authorities/names/n86729091 
856 4 0 |u https://purl.fdlp.gov/GPO/gpo128316  |t 0 
999 f f |s 74f393db-a86e-36b3-b316-fded238ad653  |i d15be858-1e3c-32f2-a75c-f9e252faae66  |t 0 
952 f f |a Texas A&M University  |b College Station  |c Electronic Resources  |d Available Online  |t 0  |e Y 3.N 88:53/0483  |h Superintendent of Documents classification 
998 f f |a Y 3.N 88:53/0483  |t 0  |l Available Online